000 01705nam a2200241Ia 4500
008 260220t1917||||xx |||||||||||||| ||spa||
040 _aPY-SlUNAC
_bspa
_erda
041 _aspa
082 _a465
_bB836l
100 _aBruñó, G. M.
_eAutor
245 0 _aLecciones de lengua castellana /
_cpor G. M. Bruñó [Autor]
264 _aParís :
_bProcuraduría General,
_c℗1917.
300 _a1 volumen
520 _aEn "Lecciones de lengua castellana", G. M. Bruñó ofrece un compendio exhaustivo sobre las reglas y estructuras del idioma español, destinado a estudiantes y docentes. A lo largo de sus capítulos, el autor aborda aspectos fundamentales de la gramática, la ortografía y la pronunciación, proporcionando ejemplos claros que facilitan la comprensión de los conceptos expuestos. Bruñó también enfatiza la importancia de la lengua como herramienta de comunicación y su evolución a lo largo del tiempo, destacando la influencia de la literatura y la cultura en el desarrollo del español. Además, el libro incluye ejercicios prácticos que permiten a los lectores aplicar lo aprendido y fortalecer sus habilidades lingüísticas. La obra, publicada en 1917 por la Procuraduría General en París, refleja un enfoque didáctico que busca no solo instruir, sino también cultivar un aprecio por la riqueza del idioma castellano, contribuyendo así a la formación integral de sus lectores en el ámbito de la lengua.
653 _aEnseñanza
653 _aLengua española
653 _aLiteratura española
942 _b2026/02/17
_cBK
999 _c7297
_d7297